The GIANT handbook of computer projects / (Record no. 174754)
[ view plain ]
| 000 -LEADER | |
|---|---|
| fixed length control field | 00770 a2200205 4500 |
| 003 - CONTROL NUMBER IDENTIFIER | |
| control field | NUST |
| 005 - DATE AND TIME OF LATEST TRANSACTION | |
| control field | 20230526181717.0 |
| 010 ## - LIBRARY OF CONGRESS CONTROL NUMBER | |
| LC control number | 79005444 |
| 020 ## - INTERNATIONAL STANDARD BOOK NUMBER | |
| International Standard Book Number | 083061169X (pbk.) : |
| 020 ## - INTERNATIONAL STANDARD BOOK NUMBER | |
| International Standard Book Number | 0830697241 : |
| 040 ## - CATALOGING SOURCE | |
| Transcribing agency | Nust |
| 082 00 - DEWEY DECIMAL CLASSIFICATION NUMBER | |
| Classification number | 004.22,GIA |
| 245 04 - TITLE STATEMENT | |
| Title | The GIANT handbook of computer projects / |
| Statement of responsibility, etc. | by the editors of 73 magazine. |
| 250 ## - EDITION STATEMENT | |
| Edition statement | 1st ed. |
| 260 ## - PUBLICATION, DISTRIBUTION, ETC. | |
| Place of publication, distribution, etc. | Blue Ridge Summit, Pa. : |
| Name of publisher, distributor, etc. | TAB Books, |
| Date of publication, distribution, etc. | [1979] |
| 300 ## - PHYSICAL DESCRIPTION | |
| Extent | 503 p. ; |
| Other physical details | ill. ; |
| Dimensions | 22 cm. |
| 505 ## - FORMATTED CONTENTS NOTE | |
| Formatted contents note | Computer capabilities (Page-11), Microprocessor (Page-109), Memory (Page-197), Computer I/O (Page-251), Computer and the Ham shak (Page-291), Computer Games (Page-327), Misc Computer Projects (Page-367). |
| 650 #0 - SUBJECT ADDED ENTRY--TOPICAL TERM | |
| Topical term or geographic name entry element | Computers |
| General subdivision | Amateurs' manuals. |
| 9 (RLIN) | 112722 |
| 942 ## - ADDED ENTRY ELEMENTS (KOHA) | |
| Koha item type | Book |
| Source of classification or shelving scheme | |
| Call number prefix | 004.22,GIA |
| Withdrawn status | Lost status | Source of classification or shelving scheme | Damaged status | Not for loan | Permanent Location | Current Location | Shelving location | Date acquired | Full call number | Barcode | Date last seen | Price effective from | Koha item type | Public note |
|---|---|---|---|---|---|---|---|---|---|---|---|---|---|---|
| Military College of Signals (MCS) | Military College of Signals (MCS) | General Stacks | 12/12/2016 | 004.22,GIA | MCS205 | 12/08/2016 | 12/12/2016 | Book | Almirah No.79, Shelf No.4 |
